| 000 | 00744nam a22002297a 4500 | ||
|---|---|---|---|
| 999 |
_c10243 _d10243 |
||
| 003 | AR-CdUCM | ||
| 008 | 190329b ||||| |||| 00| 0 spa d | ||
| 040 |
_aMUNICIPALIDAD PROVINCIAL DEL CUSCO _cBIBLIOTECA MUNICIPAL DEL CUSCO |
||
| 082 |
_a948.4 / 1977 _bS84 |
||
| 110 |
_aFELDECO _926976 |
||
| 245 | _aCrónica Imaginaria de la violencia Colombiana / | ||
| 260 |
_aBogota : _bEdit. Presencia, _c1977. |
||
| 300 |
_a240 paginas ; _c17 cm. |
||
| 440 |
_aFederación de loterías de Colombia _926977 |
||
| 500 | _aDonación familia Nieto | ||
| 505 | _aContenido :Crónica imaginaria de la violencia Colombiana / | ||
| 650 |
_aCronica _9637 |
||
| 650 |
_aRelatos _9195 |
||
| 650 |
_aColombia _9140 |
||
| 942 |
_2ddc _cLIBROS |
||
| 945 | _arjall | ||